D Answers Quiz - Geography - Statistics

General Stats
  • This quiz has been taken 850 times
  • The average score is 14 of 25
Answer Stats
Hint Answer % Correct
Country on the Jutland Peninsula Denmark
97%
Capital of Ireland Dublin
96%
Main language in country abouve Danish
93%
European river that flows through four capitals Danube
91%
Most populous city in Colorado Denver
88%
Capital of Syria Damascus
87%
Country in the horn of Africa Djibouti
85%
Capital of Qatar Doha
80%
Biggest city in Senegal Dakar
71%
Capital is Roseau Dominica
67%
Capital city of Northern Territory, Australia Darwin
63%
Capital of East Timor Dili
63%
Capital of German state, Free State of Saxony Dresden
58%
Biggest and brightest festival in India Diwali
56%
Legislative capital of Tanzania Dodoma
41%
Primary inflows of the Sea of Azov Don
40%
Longest river of Ukraine and Belarus Dnieper
38%
Ivy league school located in Hanover, New Hampshire Dartmouth
37%
Capital of the Isle of Man Douglas
34%
Biggest city on south coast of Vietnam Da Nang
28%
Third longest river in Australia Darling
21%
Flows from the Carpathian Mountains to the Black Sea Dniester
12%
Ukraine's third largest city Dnipropetrovsk
8%
German "City of Science" Darmstadt
6%
Largest steelworks in Hungary Dunaujvaros
1%
No matching quizzes found
Score Distribution
Percent of People with Each Score
Percentile by Number Answered
Your Score History
You have not taken this quiz